Guía espiritual / Miguel de Molinos / edición crítica, introducción y notas de José Ignacio Tellechea Idígoras

I tiakina i:
Ngā taipitopito rārangi puna kōrero
Kaituhi matua: Molinos, Jaime de (autor)
Ētahi atu kaituhi: I.Tellechea Idígoras, José Ignacio, introd. (autor) (autor)
Hōputu: Pukapuka
Rangatū:Espirituales españoles ; v. 23
Ngā marau:
Ngā Tūtohu: Tāpirihia he Tūtohu
Kāore He Tūtohu, Me noho koe te mea tuatahi ki te tūtohu i tēnei pūkete!

MARC

LEADER 00000nam^a2200000^u^4500
001 000547777
005 20250521000000.0
008 060220s1000^^^^^^^^^^^^r^^^^^000^0^spa^d
009 20260310131438.298
022 |a 8473920848 
035 |a FMI 000017495 
037 |a Acervo Xavier Clavigero 
096 |a 4.1/38/B/v.23 
100 |a Molinos, Jaime de  |e (autor) 
245 1 0 |a Guía espiritual / Miguel de Molinos / edición crítica, introducción y notas de José Ignacio Tellechea Idígoras 
264 |a Madrid : Universidad Pontificia de Salamanca : Fundación Universitaria Española 
300 |a 447 p. 
336 |a texto  |b txt  |2 rdacontenido 
337 |a sin mediación  |b n  |2 rdamedio 
338 |a volumen  |b nc  |2 rdasoporte 
440 0 |a Espirituales españoles ; v. 23 
649 |a XX 
650 |a Espiritualidad antigua 
700 |a I.Tellechea Idígoras, José Ignacio, introd.  |e (autor) 
910 |a Fondo Francisco Migoya Covarrubias S.J. 
920 |a Impresos - Libros 
930 |a Fondos Especiales 
905 |a 134 
901 |a SBC19340  |b IT2  |c ESP  |u 20250521 
902 |a https://opac.biblio.iteso.mx/vufind/Record/000547777